000 00215 a2200097 4500
001 32690
100 _aChurchill, W S
245 _aHappy odyssey
260 _aLondon
_bJonathan Cape T B S
_c
090 _c21891
_d21891
942 _aNUST-CAE
_cM
_c13215
999 _c267763
_d267763